The National Guard of the United States : a half century of progress /

Bibliographic Details
Main Author: Colby, Elbridge, 1891-1982
Format: Book
Language:English
Published: Manhattan, Kan. : Military Affairs/Aerospace Historian Pub., [1977]
Series:Military Affairs/Aerospace Historian instant publishing series.
Subjects:

MARC

Tag First Indicator Second Indicator Subfields
LEADER 00000cam a2200000 a 4500
001 in00000628340
005 20151015061932.0
008 780203s1977 ksu b 00010 eng
010 |a  77155828  
020 |a 0891260374 :  |c $15.00 
035 |a (OCoLC)03670824 
035 |9 ACV7598AM 
040 |a DLC  |c DLC  |d m.c.  |d TXA  |d UtOrBLW 
043 |a n-us--- 
049 |a TXAM  |c [1479701] 
050 0 0 |a UA42  |b .C672 
082 0 |a 355.3/7/0973 
100 1 |a Colby, Elbridge,  |d 1891-1982. 
245 1 4 |a The National Guard of the United States :  |b a half century of progress /  |c by Elbridge Colby. 
264 1 |a Manhattan, Kan. :  |b Military Affairs/Aerospace Historian Pub.,  |c [1977] 
264 4 |c ©1977 
300 |a approximately 400 pages in various pagings ;  |c 28 cm. 
336 |a text  |b txt  |2 rdacontent 
337 |a unmediated  |b n  |2 rdamedia 
338 |a volume  |b nc  |2 rdacarrier 
490 1 |a Military affairs/ aerospace historian, instant publishing series 
504 |a Includes bibliographical references. 
651 0 |a United States  |x National Guard  |x History. 
830 0 |a Military Affairs/Aerospace Historian instant publishing series. 
999 |a MARS 
999 f f |s aa570bcf-190e-3d8a-bb15-83ac8303dd66  |i 6f316bd5-c026-30e2-9065-637d76ecee27  |t 0 
952 f f |p noncirc  |a Texas A&M University  |b College Station  |c Cushing Memorial Library & Archives  |d Cushing: Ragan Military (Does not check out)  |t 0  |e UA42 .C672 1977  |h Library of Congress classification  |i unmediated -- volume 
952 f f |p ric  |a Texas A&M University  |b Rellis Campus  |c Joint Library Facility  |d Remote Storage  |t 0  |e UA42 .C672  |h Library of Congress classification  |i unmediated -- volume  |m A14805695190 
998 f f |a UA42 .C672 1977  |t 0  |l Cushing: Ragan Military (Does not check out) 
998 f f |a UA42 .C672  |t 0  |l Remote Storage